000
00220nam a2200085Ia 4500
245
0
_a
New book of herbs
100
_a
McVICAR, Jekka London, 2004
_9
89226
942
_c
BK
008
210817s9999 xx 000 0 und d
999
_c
359407
_d
359406